000 00775nam a2200217Ii 4500
003 JO-AjNU
008 230605s9999||||xx |||||||||||||| ||und||
020 _a9953-32-166-3
040 _aJO-AjNU
_bara
_erda
_cJO-AjNU
041 _aara
050 1 4 _aBP3791.A82 2005
100 3 _aعوده، عبد القادر,
_eauthor
_928886
245 0 0 _aالتشريع الجنائي الإسلامي مقارنا بالقانون الوضعي
250 _aط1
264 3 1 _aدمشق: مؤسسة الرسالة ناشرون، 2005
300 _a927ص
336 _atext
_btxt
_2rdacontent
337 _aunmediated
_bn
_2rdamedia
338 _avolume
_bnc
_2rdacarrier
650 4 _aالقانون الجنائي- القانون المقارن- الفقه الاسلامي
_928887
999 _aA11260
_c14828
_d14828